Statistics for Batman Movie by Synonym

Click here to take the quiz!

General Stats

  • This quiz has been taken 16 times
  • The average score is 8 of 10

Answer Stats

HintAnswer% Correct
Bruce Wayne InfinityBatman Forever
93%
Bruce against ClarkBatman vs Superman
93%
The Shadow ChevalierThe Dark Knight
93%
The Black Lord AscendsThe Dark Knight Rises
93%
Flying Mammal Man InaugaratesBatman Begins
86%
Worlds Greatest DetectiveBatman
79%
Batman including PetroicidaeBatman & Robin
79%
The Smack MaleThe Batman
79%
Caped Crusader RecrudesceBatman Returns
71%
Fairness ConfederationJustice League
71%

Score Distribution

Percentile by Number Answered

Percent of People with Each Score

Your Score History

You have not taken this quiz